00643nam a2200181Ia 45000010006000000050017000060080041000230410008000640820017000721000035000892450151001242600009002756500008002846540008002929420025003009990017003259520119003422515420260414151131.0260414t2014||||xx |||||||||||||| ||spa|| aESP a346.24bU831 aUgarte Mostajo, Daniel L.eAUT 0aLa garantía institucional del matrimonio en la constitución de 1993 :bla heterosexualidad como rasgo esencial de la institución matrimonial c2014 aDER aCDE cLIBdJUSfJUS2ddcn c25154d25154 o346.24 U831p10257248UCSPt17052bVABaVABcPPd2026-04-14e6r2026-04-14 15:11:31l0w2026-04-14yLIB104000